[Event "BCF-chT2d 0809 (4NCL) Demotion pool"]
[Site "Hinckley Island"]
[Date "2009.05.02"]
[Round "9.7"]
[White "Coburn, Joseph A"]
[Black "Thomas, Robert K"]
[Result "1/2-1/2"]
[WhiteElo "1950"]
[BlackElo "2155"]
[PlyCount "70"]
[EventDate "2008.10.04"]
[EventType "team-tourn"]
[EventRounds "4"]
[EventCountry "ENG"]
[SourceTitle "EXT 2010"]
[Source "ChessBase"]
[SourceDate "2010.11.25"]
[SourceVersion "1"]
[SourceVersionDate "2010.11.25"]
[SourceQuality "1"]
[WhiteTeam "Wessex II"]
[BlackTeam "Celtic Tigers"]
[WhiteTeamCountry "ENG"]
[BlackTeamCountry "ENG"]

1. d4 e6 2. e4 d5 3. e5 c5 4. c3 Bd7 5. Bd3 Qb6 6. Nf3 Bb5 7. 0-0 Bxd3 8. Qxd3 a5 9. a4 Qa6 10. Qxa6 Nxa6 11. Be3 Ne7 12. Na3 Nc6 13. Nb5 cxd4 14. Bxd4 Be7 15. Bb6 0-0 16. Rfe1 Nc5 17. Bxc5 Bxc5 18. Nfd4 Rae8 19. Nc7 Re7 20. Ncb5 f6 21. Nxc6 bxc6 22. Nd4 Bxd4 23. cxd4 Rb8 24. Rac1 Rxb2 25. Rxc6 Rb4 26. exf6 gxf6 27. g3 Rxa4 28. Rexe6 Rxe6 29. Rxe6 Kf7 30. Ra6 Kg6 31. Kg2 Kf5 32. f3 Ra2+ 33. Kh3 Rd2 34. Rxa5 Rxd4 35. Ra2 Rd3 1/2-1/2

[Event "BCF-chT2d 0809 (4NCL) Demotion pool"]
[Site "Hinckley Island"]
[Date "2009.03.22"]
[Round "8.6"]
[White "Cook, Michael P"]
[Black "Thomas, Robert K"]
[Result "1-0"]
[WhiteElo "2045"]
[BlackElo "2156"]
[PlyCount "39"]
[EventDate "2008.10.04"]
[EventType "team-tourn"]
[EventRounds "4"]
[EventCountry "ENG"]
[SourceTitle "EXT 2010"]
[Source "ChessBase"]
[SourceDate "2010.11.25"]
[SourceVersion "1"]
[SourceVersionDate "2010.11.25"]
[SourceQuality "1"]
[WhiteTeam "Anglian Avengers"]
[BlackTeam "Celtic Tigers"]
[WhiteTeamCountry "ENG"]
[BlackTeamCountry "ENG"]

1. d4 e6 2. e4 d5 3. exd5 exd5 4. Be2 Bf5 5. Nf3 Bd6 6. 0-0 Ne7 7. c4 c6 8. Nc3 dxc4 9. Bxc4 0-0 10. Bg5 Nd7 11. Re1 Nb6 12. Bb3 Qd7 13. Bxe7 Bxe7 14. Ne5 Qd6 15. Qf3 Bg6 16. Rad1 Qf6 17. Qxf6 Bxf6 18. Nxg6 hxg6 19. Ne4 Rae8 20. Bxf7+ 1-0

[Event "BCF-chT4 0708 (4NCL)"]
[Site "England"]
[Date "2008.05.05"]
[Round "11.4"]
[White "Lunn, Matthew"]
[Black "Thomas, Robert K"]
[Result "1/2-1/2"]
[WhiteElo "1822"]
[BlackElo "2153"]
[PlyCount "35"]
[EventDate "2007.09.15"]
[EventType "team-swiss"]
[EventRounds "11"]
[EventCountry "ENG"]
[SourceTitle "EXT 2009"]
[Source "ChessBase"]
[SourceDate "2008.11.26"]
[SourceVersion "1"]
[SourceVersionDate "2008.11.26"]
[SourceQuality "1"]
[WhiteTeam "KJCA Kings"]
[BlackTeam "Celtic Tigers"]
[WhiteTeamCountry "ENG"]
[BlackTeamCountry "ENG"]

1. d4 Nf6 2. c4 g6 3. Nc3 d5 4. cxd5 Nxd5 5. e4 Nxc3 6. bxc3 Bg7 7. Nf3 0-0 8. Rb1 c5 9. Be2 Nc6 10. d5 Bxc3+ 11. Bd2 Bxd2+ 12. Qxd2 Nd4 13. Nxd4 cxd4 14. Qxd4 Qa5+ 15. Qd2 Qxd2+ 16. Kxd2 e6 17. dxe6 fxe6 18. Ke3 1/2-1/2

[Event "BCF-chT4 0708 (4NCL)"]
[Site "England"]
[Date "2008.05.04"]
[Round "10.4"]
[White "Thomas, Robert K"]
[Black "Adams, Mark"]
[Result "1/2-1/2"]
[WhiteElo "2153"]
[BlackElo "2019"]
[PlyCount "28"]
[EventDate "2007.09.15"]
[EventType "team-swiss"]
[EventRounds "11"]
[EventCountry "ENG"]
[SourceTitle "EXT 2009"]
[Source "ChessBase"]
[SourceDate "2008.11.26"]
[SourceVersion "1"]
[SourceVersionDate "2008.11.26"]
[SourceQuality "1"]
[WhiteTeam "Celtic Tigers"]
[BlackTeam "Pontypridd"]
[WhiteTeamCountry "ENG"]
[BlackTeamCountry "ENG"]

1. d4 Nf6 2. c4 e6 3. Nc3 Bb4 4. Qc2 0-0 5. Bg5 b6 6. a3 Bxc3+ 7. Qxc3 Ba6 8. e3 d6 9. Nf3 Nbd7 10. Rc1 c5 11. Be2 Rc8 12. Nd2 b5 13. 0-0 bxc4 14. Bxc4 Bxc4 1/2-1/2

[Event "BCF-chT4 0708 (4NCL)"]
[Site "England"]
[Date "2008.03.16"]
[Round "8.5"]
[White "Thomas, Robert K"]
[Black "Hilton, Stephen H"]
[Result "1-0"]
[WhiteElo "2130"]
[BlackElo "1946"]
[PlyCount "93"]
[EventDate "2007.09.15"]
[EventType "team-swiss"]
[EventRounds "11"]
[EventCountry "ENG"]
[SourceTitle "EXT 2009"]
[Source "ChessBase"]
[SourceDate "2008.11.26"]
[SourceVersion "1"]
[SourceVersionDate "2008.11.26"]
[SourceQuality "1"]
[WhiteTeam "Celtic Tigers"]
[BlackTeam "Braille Chess Association"]
[WhiteTeamCountry "ENG"]
[BlackTeamCountry "ENG"]

1. d4 Nf6 2. c4 g6 3. Nc3 Bg7 4. e4 d6 5. f3 0-0 6. Bg5 c5 7. d5 e6 8. Qd2 exd5 9. cxd5 Qa5 10. Nge2 b5 11. Qf4 Nh5 12. Qd2 b4 13. Nd1 Qc7 14. g4 Nf6 15. Ng3 Re8 16. Be2 Ba6 17. Bxa6 Nxa6 18. h4 Nd7 19. 0-0 Ne5 20. Rc1 Rac8 21. Ne3 Qb6 22. Kg2 Qb5 23. b3 h6 24. Bf4 Qd7 25. Nc4 Kh7 26. Nxe5 dxe5 27. Be3 Qd6 28. h5 g5 29. Nf5 Qd7 30. Qd3 Re6 31. Rc2 Rb6 32. Rfc1 Bf8 33. Qe2 Rb5 34. Rc4 f6 35. R4c2 Ra5 36. d6 Qe6 37. Rd1 Qd7 38. Qc4 Re8 39. Rcd2 Re6 40. Rd5 Rxa2+ 41. Kg3 Ra5 42. Bxc5 Re8 43. Be3 Rc8 44. Qxc8 Qxc8 45. Rxa5 Nb8 46. Rxa7+ Nd7 47. Rc1 1-0

[Event "BCF-chT4 0708 (4NCL)"]
[Site "England"]
[Date "2008.02.10"]
[Round "6.2"]
[White "Thomas, Robert K"]
[Black "Ynojosa Aponte, Felix Jose"]
[Result "1-0"]
[WhiteElo "2130"]
[BlackElo "2098"]
[PlyCount "85"]
[EventDate "2007.09.15"]
[EventType "team-swiss"]
[EventRounds "11"]
[EventCountry "ENG"]
[SourceTitle "EXT 2009"]
[Source "ChessBase"]
[SourceDate "2008.11.26"]
[SourceVersion "1"]
[SourceVersionDate "2008.11.26"]
[SourceQuality "1"]
[WhiteTeam "Celtic Tigers"]
[BlackTeam "Conquistadors"]
[WhiteTeamCountry "ENG"]
[BlackTeamCountry "ENG"]

1. d4 Nf6 2. c4 c5 3. d5 b5 4. cxb5 a6 5. b6 d6 6. Nc3 Nbd7 7. a4 Qxb6 8. a5 Qc7 9. Nf3 g6 10. h3 Bg7 11. e4 Rb8 12. Bc4 0-0 13. 0-0 Re8 14. Qd3 Rb4 15. Ra2 e6 16. dxe6 fxe6 17. Bf4 Qc6 18. Re1 Nh5 19. Bh2 Bb7 20. b3 Bxc3 21. Qxc3 Ndf6 22. Rae2 Qd7 23. Qd3 Nxe4 24. Rxe4 Bxe4 25. Rxe4 d5 26. Bxd5 exd5 27. Rxe8+ Qxe8 28. Qxd5+ Qf7 29. Qa8+ Qf8 30. Qxa6 Nf4 31. Ng5 Rd4 32. Bg3 Qf5 33. Qa8+ Kg7 34. Nf3 Rd3 35. Kh2 Rxb3 36. Qc6 Ne2 37. Bd6 Kh6 38. Qe8 Rxf3 39. gxf3 Qc2 40. Qe3+ Kg7 41. Qe5+ Kg8 42. Qf6 Nd4 43. Qf8# 1-0

[Event "BCF-chT4 0607 (4NCL)"]
[Site "Sunningdale"]
[Date "2007.05.27"]
[Round "10.43"]
[White "Thomas, Robert K"]
[Black "Elwin, Adrian G"]
[Result "0-1"]
[WhiteElo "2147"]
[BlackElo "2041"]
[PlyCount "80"]
[EventDate "2006.09.16"]
[EventType "team-tourn"]
[EventRounds "11"]
[EventCountry "ENG"]
[SourceTitle "EXT 2008"]
[Source "ChessBase"]
[SourceDate "2007.11.25"]
[SourceVersion "1"]
[SourceVersionDate "2007.11.25"]
[SourceQuality "1"]
[WhiteTeam "Celtic Tigers"]
[BlackTeam "FCA Solutions II"]
[WhiteTeamCountry "ENG"]
[BlackTeamCountry "ENG"]

1. d4 Nf6 2. c4 g6 3. Nc3 Bg7 4. e4 d6 5. f3 0-0 6. Bg5 Nbd7 7. Qd2 c6 8. Nge2 Nb6 9. Nc1 e5 10. d5 cxd5 11. Nxd5 Nbxd5 12. cxd5 Bd7 13. Bd3 Qb6 14. Be3 Qc7 15. Ne2 Rac8 16. 0-0 h5 17. Rac1 Qb8 18. Qa5 b6 19. Qb4 Ne8 20. Rxc8 Qxc8 21. Rc1 Qd8 22. Qa3 Qb8 23. Nc3 f5 24. Bb5 Bxb5 25. Nxb5 fxe4 26. fxe4 a5 27. Qd3 Qd8 28. h3 Kh7 29. Rc6 Qh4 30. Kh2 Qe1 31. Rc1 Qh4 32. g3 Qf6 33. Bxb6 h4 34. Rg1 Bh6 35. g4 Bf4+ 36. Kg2 Qg5 37. Re1 Nf6 38. Bf2 Nxg4 39. hxg4 Qxg4+ 40. Kh1 Bg3 0-1

[Event "BCF-chT4 0607 (4NCL)"]
[Site "Sunningdale"]
[Date "2007.05.26"]
[Round "9.53"]
[White "Thomas, Robert K"]
[Black "Fegan, Chris"]
[Result "0-1"]
[WhiteElo "2147"]
[BlackElo "2064"]
[PlyCount "74"]
[EventDate "2006.09.16"]
[EventType "team-tourn"]
[EventRounds "11"]
[EventCountry "ENG"]
[SourceTitle "EXT 2008"]
[Source "ChessBase"]
[SourceDate "2007.11.25"]
[SourceVersion "1"]
[SourceVersionDate "2007.11.25"]
[SourceQuality "1"]
[WhiteTeam "Celtic Tigers"]
[BlackTeam "Metropolitan"]
[WhiteTeamCountry "ENG"]
[BlackTeamCountry "ENG"]

1. d4 d5 2. c4 c6 3. Nf3 Nf6 4. Nc3 e6 5. e3 Bd6 6. Qc2 0-0 7. b3 Nbd7 8. Be2 Re8 9. 0-0 e5 10. cxd5 cxd5 11. Nb5 Bb8 12. dxe5 Nxe5 13. Ba3 Qa5 14. Nxe5 Bxe5 15. b4 Qb6 16. Bb2 Bd7 17. Bxe5 Rxe5 18. Qb2 Bxb5 19. Bxb5 Re4 20. Be2 Rxb4 21. Qc3 d4 22. exd4 Qxd4 23. Qxd4 Rxd4 24. Bf3 Rb8 25. Rfc1 Rd7 26. Rc2 g6 27. Rac1 b5 28. Rc7 Rbd8 29. g3 a5 30. Rxd7 Rxd7 31. Rc8+ Kg7 32. Ra8 a4 33. Bc6 Rd1+ 34. Kg2 Rb1 35. Ra5 Rb2 36. Bxb5 Ne4 37. Ra7 Rxb5 0-1

[Event "BCF-chT4 0607 (4NCL)"]
[Site "Sunningdale"]
[Date "2006.09.24"]
[Round "2.2"]
[White "Thomas, Robert K"]
[Black "Gooding, Ian R"]
[Result "1/2-1/2"]
[WhiteElo "2132"]
[BlackElo "2013"]
[PlyCount "80"]
[EventDate "2006.09.16"]
[EventType "team-tourn"]
[EventRounds "11"]
[EventCountry "ENG"]
[SourceTitle "CBM 115 Extra"]
[Source "ChessBase"]
[SourceDate "2007.01.10"]
[SourceVersion "1"]
[SourceVersionDate "2007.01.10"]
[SourceQuality "1"]
[WhiteTeam "Celtic Tigers"]
[BlackTeam "Cambridge II"]
[WhiteTeamCountry "ENG"]
[BlackTeamCountry "ENG"]

1. d4 d5 2. c4 c6 3. Nf3 Nf6 4. Nc3 dxc4 5. a4 Na6 6. e3 Bg4 7. Bxc4 e6 8. 0-0 Nb4 9. Qe2 Be7 10. h3 Bxf3 11. Qxf3 0-0 12. Rd1 a5 13. Qe2 Qc7 14. e4 e5 15. Be3 exd4 16. Bxd4 Rad8 17. Rd2 Nc2 18. Rad1 Nxd4 19. Rxd4 Rxd4 20. Rxd4 Qe5 21. Rd2 Bb4 22. Rd3 Re8 23. Re3 Bd6 24. g3 Bc5 25. Rf3 Bd4 26. Kh2 Bxc3 27. bxc3 h5 28. Re3 h4 29. Qf3 hxg3+ 30. fxg3 b5 31. axb5 cxb5 32. Ba2 Rd8 33. Qe2 b4 34. cxb4 axb4 35. Kg2 Qd4 36. g4 Qd2 37. Kf3 Qxe2+ 38. Kxe2 Ra8 39. Bb1 Rb8 40. e5 Nd5 1/2-1/2

[Event "BCF-chT4 0506 (4NCL)"]
[Site "West Bromwich"]
[Date "2006.05.29"]
[Round "11.1"]
[White "Thomas, Robert K"]
[Black "Van Voorthuijsen, Pieter W"]
[Result "0-1"]
[WhiteElo "2140"]
[BlackElo "2220"]
[PlyCount "68"]
[EventDate "2005.11.05"]
[EventType "team-tourn"]
[EventRounds "11"]
[EventCountry "ENG"]
[SourceTitle "CBM 109 Extra"]
[Source "ChessBase"]
[SourceDate "2006.01.03"]
[SourceVersion "2"]
[SourceVersionDate "2006.01.03"]
[SourceQuality "1"]
[WhiteTeam "Celtic Tigers"]
[BlackTeam "Athenaeum"]
[WhiteTeamCountry "ENG"]
[BlackTeamCountry "ENG"]

1. d4 Nf6 2. c4 e6 3. Nc3 d5 4. cxd5 exd5 5. Bg5 Be7 6. Qc2 c6 7. e3 Nbd7 8. Bd3 Nh5 9. Bxe7 Qxe7 10. Nge2 g6 11. 0-0 f5 12. Rae1 0-0 13. Ng3 Nxg3 14. hxg3 Qg5 15. Ne2 Nf6 16. Nf4 Ne4 17. b4 a6 18. a4 Qf6 19. Be2 g5 20. Nd3 Qd6 21. Bf3 Rf6 22. Rb1 Rh6 23. Ne5 Nf6 24. Qc5 Qd8 25. Rfc1 g4 26. Bd1 Ne4 27. Qc2 Qg5 28. Kf1 Nxg3+ 29. Ke1 Rh1+ 30. Kd2 Ne4+ 31. Ke2 Rh2 32. b5 axb5 33. axb5 Rxg2 34. Nd3 Qh4 0-1

[Event "BCF-chT4 0506 (4NCL)"]
[Site "West Bromwich"]
[Date "2006.03.18"]
[Round "7.1"]
[White "Thomas, Robert K"]
[Black "Pugh, Derek"]
[Result "0-1"]
[WhiteElo "2140"]
[BlackElo "2185"]
[PlyCount "66"]
[EventDate "2005.11.05"]
[EventType "team-tourn"]
[EventRounds "11"]
[EventCountry "ENG"]
[SourceTitle "CBM 109 Extra"]
[Source "ChessBase"]
[SourceDate "2006.01.03"]
[SourceVersion "2"]
[SourceVersionDate "2006.01.03"]
[SourceQuality "1"]
[WhiteTeam "Celtic Tigers"]
[BlackTeam "Grendel's Mother"]
[WhiteTeamCountry "ENG"]
[BlackTeamCountry "ENG"]

1. d4 d6 2. c4 e5 3. Nf3 e4 4. Ng5 f5 5. g3 Be7 6. Nh3 c6 7. Bg2 Nd7 8. Nc3 Ngf6 9. 0-0 Nb6 10. b3 d5 11. c5 Nbd7 12. b4 Nf8 13. f3 Ne6 14. Rb1 0-0 15. Nf4 Nc7 16. a4 g5 17. Nh3 h6 18. Be3 Qe8 19. Qd2 Qh5 20. Nf2 Ne6 21. fxe4 fxe4 22. b5 Qg6 23. bxc6 bxc6 24. Rb3 Bd8 25. Bh3 Nh5 26. Rfb1 Bc7 27. Na2 Nhf4 28. Bxe6+ Qxe6 29. Nb4 a5 30. Na2 Nh3+ 31. Nxh3 Qxh3 32. Bf2 Rxf2 33. Kxf2 Qxh2+ 0-1

[Event "Cesenatico op 7th"]
[Site "Cesenatico"]
[Date "2002.09.08"]
[Round "9"]
[White "Thomas, Robert K"]
[Black "Voiska, Margarita"]
[Result "0-1"]
[WhiteElo "2136"]
[BlackElo "2356"]
[PlyCount "59"]
[EventDate "2002.09.02"]
[EventType "swiss"]
[EventRounds "9"]
[EventCountry "ITA"]
[SourceTitle "EXT 2024"]
[Source "ChessBase"]
[SourceDate "2023.10.10"]
[SourceVersion "1"]
[SourceVersionDate "2023.10.10"]
[SourceQuality "1"]

1. d4 c5 2. d5 e6 3. c4 exd5 4. cxd5 d6 5. e4 Be7 6. Nc3 Bf6 7. f4 Bxc3+ 8. bxc3 Nf6 9. Bd3 0-0 10. Nf3 c4 11. Bc2 Nxe4 12. Bxe4 Re8 13. 0-0 Rxe4 14. Nd2 Qb6+ 15. Kh1 Re8 16. Nxc4 Qa6 17. Qd4 Nd7 18. Ba3 Nf6 19. Nxd6 Rd8 20. Bb4 Rxd6 21. Bxd6 Qxd6 22. c4 Bd7 23. Rfd1 b6 24. a4 Re8 25. a5 Re4 26. Qc3 h6 27. axb6 axb6 28. g3 Bf5 29. Rd4 Re2 30. Rd2 0-1